000 01010nam a22002657a 4500
005 20170124103113.0
010 _aA-105997
020 _c10.00
035 _aA-105997
037 _bCen Lib/Ret
040 _aDPL
_bHN
082 _a
_bगुरुदत्त
100 _aगुरुदत्त
_980109
245 _aकला /
_cगुरुदत्त
246 _aKala /
_bby Gurudutt
260 _aनई दिल्ली
_bभारतीय साहित्य सदन
270 _a30/90 कनॉट सर्कस
_bनई दिल्ली
_e110001
300 _a334पृ.
_c17सेमी(सजिल्द)
490 _aवृंदावनलाल वर्मा ग्रन्थमाला
_v12
650 _a साहित्य--उपन्यास
_980110
650 _aहिंदी उपन्यास
_980111
650 _a Literature--Novel
_980112
650 _aHindi novel
_980113
942 _2ddc
_cHN
_h
_mगुरुदत्त
999 _c118428
_d118428